Estrategias de aprendizaje: su aplicación en las áreas verbal y matemáticas

Guardat en:
Dades bibliogràfiques
Autors principals: Podall, Montserrat (Autor), Comellas Carbó, María Jesús (Autor)
Format: Llibre
Idioma:espanyol
Publicat: Barcelona Laertes 1996
Edició:1a. ed
Col·lecció:Colección Psicopedagogía, 80
Matèries:
Etiquetes: Afegir etiqueta
Sense etiquetes, Sigues el primer a etiquetar aquest registre!

MARC

LEADER 00000nam a2200000 a 4500
001 UCM3610
003 CL-VaPUC
008 020712e19960400SP |||||||||||||||||spa|d
020 |a 8475843018 
082 0 4 |a 371.3  |b POD  |2 21 
100 0 |a Podall, Montserrat  |e author  |9 470297 
700 0 |a Comellas Carbó, María Jesús  |e author  |9 470298 
245 1 0 |a Estrategias de aprendizaje: su aplicación en las áreas verbal y matemáticas 
250 |a 1a. ed 
300 |a 150 p 
942 |c BK 
945 |d 20020712 00:00:00  |a vberengu 
260 |a Barcelona  |b Laertes  |c 1996 
650 0 |a Aprendizaje   |9 254827 
650 0 |a Métodos de enseñanza  |9 270413 
650 0 |a Procesos mentales superiores  |9 330839 
650 0 |a Métodos de aprendizaje  |9 334464 
650 0 |a Enseñanza del lenguaje  |9 373325 
650 0 |a Matemáticas  |x Enseñanza  |9 875527 
583 |a last modification  |c 20170927 10:45:42  |k Rodrigo Vera 
490 0 |a Colección Psicopedagogía, 80 
999 |c 300818  |d 300816 
952 |0 0  |1 0  |4 0  |6 371_300000000000000_POD_1996  |7 0  |8 A  |9 359148  |a BIBEDU  |b BIBEDU  |d 2019-11-21  |i 3829685  |l 1  |o 371.3 POD 1996  |p 3829685  |r 2022-04-13  |s 2022-03-28  |w 2019-11-21  |y BK  |k EPE